西安明城墙城门地图 Map of the gates of Xi'an Ancient City - Statistics

General Stats
  • This quiz has been taken 13 times
  • The average score is 11 of 18
Answers on the Map
Answers color-coded by a green-red scale on the quiz's map according to % correct below.
 
Answer Stats
城门 % Correct
永宁门
83%
安远门
83%
安定门
75%
长乐门
75%
朱雀门
67%
含光门
67%
和平门
67%
勿幕门
58%
玉祥门
58%
尚德门
58%
解放门
58%
尚俭门
58%
尚勤门
58%
朝阳门
58%
中山门
58%
建国门
58%
尚武门
50%
文昌门
50%
No matching quizzes found
Score Distribution
Percent of People with Each Score
Percentile by Number Answered
Your Score History
You have not taken this quiz